Jawets. Melnick and Adelberg's medical microbiology
Gespeichert in:
| 1. Verfasser: | |
|---|---|
| Format: | Buch |
| Sprache: | Undetermined |
| Veröffentlicht: |
New York
McGraw-Hill
2001
|
| Schlagworte: | |
| Tags: |
Tag hinzufügen
Keine Tags, Fügen Sie den ersten Tag hinzu!
|
| Thư viện lưu trữ: | Trung tâm Học liệu Trường Đại học Cần Thơ |
|---|
| LEADER | 00552nam a2200193Ia 4500 | ||
|---|---|---|---|
| 001 | CTU_61466 | ||
| 008 | 210402s9999 xx 000 0 und d | ||
| 020 | |c 419000 | ||
| 082 | |a 616.01 | ||
| 082 | |b B873 | ||
| 100 | |a Brooks, Geo F. | ||
| 245 | 0 | |a Jawets. Melnick and Adelberg's medical microbiology | |
| 245 | 0 | |c Geo F. Brooks, Janet S. Butel, Stephen A. Morse | |
| 260 | |a New York | ||
| 260 | |b McGraw-Hill | ||
| 260 | |c 2001 | ||
| 650 | |a Medical microbiology | ||
| 904 | |i Minh,Hải | ||
| 980 | |a Trung tâm Học liệu Trường Đại học Cần Thơ | ||